000 00228nam a2200097Ia 4500
001 725699
005 20250826163414.0
008 250824s9999 xx 000 0 und d
245 0 _aPROFESÖR
_cMEHMET FİDAN
260 _bATLI KARINCA
999 _c725699
_d725699